The economic impact of the London 2012 Olympic and Paralympic Games (Record no. 114412)

MARC details
000 -LEADER
fixed length control field 01728cad a22002415a 4500
001 - CONTROL NUMBER
control field L156786
008 - FIXED-LENGTH DATA ELEMENTS--GENERAL INFORMATION
fixed length control field 120716s20120705xxk f 000 0 eng d
035 ## - SYSTEM CONTROL NUMBER
System control number (Sirsi) u156786
041 0# - LANGUAGE CODE
Language code of text/sound track or separate title eng
110 2# - MAIN ENTRY--CORPORATE NAME
Corporate name or jurisdiction name as entry element Lloyds Banking Group
9 (RLIN) 5822
245 04 - TITLE STATEMENT
Title The economic impact of the London 2012 Olympic and Paralympic Games
Medium [electronic resource]
260 ## - PUBLICATION, DISTRIBUTION, ETC.
Place of publication, distribution, etc. Oxford
Name of publisher, distributor, etc. Oxford Economics
Date of publication, distribution, etc. 2012
505 2# - FORMATTED CONTENTS NOTE
Formatted contents note Executive Summary -- Construction -- The economic impact from construction of the 2012 Games and its legacy -- Lessons from previous major events -- Legacy -- Calculating the economic impact from the additional tourist spending due to London 2012 -- The expenditure on staging the London 2012 Games -- Happiness from hosting the 2012 Games -- Legacy: labour market -- Training to improve skill levels -- Employment of previously unemployed local people -- Legacy: physical environment -- What benefits flow from the housing legacy? -- How can these housing benefits be measured? -- How big are the benefits? -- Parkland brings benefits too -- Conclusion -- Much is still to come -- Not just a London story -- London 2012: what is the economic impact on the UK?
520 ## - SUMMARY, ETC.
Summary, etc. This study investigates the economic impact of the London 2012 Olympic and Paralympic Games on the UK economy and its nations and regions between July 2005 and July 2017.
590 ## - LOCAL NOTE (RLIN)
Local note KA NTK
650 24 - SUBJECT ADDED ENTRY--TOPICAL TERM
Topical term or geographic name entry element OLYMPIC GAMES 2012
651 #4 - SUBJECT ADDED ENTRY--GEOGRAPHIC NAME
Geographic name United Kingdom
Chronological subdivision
690 ## - LOCAL SUBJECT ADDED ENTRY--TOPICAL TERM (OCLC, RLIN)
Topical term or geographic name as entry element Construction management
9 (RLIN) 6230
690 ## - LOCAL SUBJECT ADDED ENTRY--TOPICAL TERM (OCLC, RLIN)
Topical term or geographic name as entry element Residential property
9 (RLIN) 6266
710 1# - ADDED ENTRY--CORPORATE NAME
Corporate name or jurisdiction name as entry element Oxford Economics
856 40 - ELECTRONIC LOCATION AND ACCESS
Uniform Resource Identifier <a href="https://www.lloydsbankinggroup.com/media/pdfs/lbg/2012/Eco_impact_report.pdf">https://www.lloydsbankinggroup.com/media/pdfs/lbg/2012/Eco_impact_report.pdf</a>
Public note View this item free of charge at www.lloydsbankinggroup.com
942 ## - ADDED ENTRY ELEMENTS (KOHA)
Suppress in OPAC 0
Holdings
Withdrawn status Lost status Source of classification or shelving scheme Damaged status Not for loan Home library Current library Shelving location Date acquired Total Checkouts Full call number Barcode Date last seen Copy number Price effective from Koha item type
    Dewey Decimal Classification     Virtual Virtual Online 16/07/2012   ONLINE PUBLICATION 156786-2001 06/08/2019 1 06/08/2019 Book